Words Ending in -cular Quiz Stats

 Plays Quiz not verified by Sporcle

Support Sporcle.
Go Orange.
Score 0/21 Timer 09:00
0 Plays Today
% Correct
6OCULAR
67.3%
8CIRCULAR
58.8%
10PARTICULAR
54%
11SPECTACULAR
53.4%
9BINOCULAR
50.9%
7SECULAR
42.8%
7JOCULAR
36.4%
10VERNACULAR
30.4%
9MOLECULAR
29.9%
9AVUNCULAR
27.1%
9VEHICULAR
23.6%
% Correct
8MUSCULAR
22.2%
13PERPENDICULAR
21.5%
10TESTICULAR
20.1%
9FUNICULAR
18.6%
10CURRICULAR
18.4%
8VASCULAR
16.9%
8ORACULAR
13%
10FOLLICULAR
7.7%
11CREPUSCULAR
7.6%
12SEMICIRCULAR
7.1%

You're not logged in!

Compare scores with friends on all Sporcle quizzes.
OR
Log In

From the Vault

100 Years of Movie Stars II: The Sequel

by kfastic

This is one long movie, but totally worth staying until the end.
Remove Ads.
Support Sporcle.
Get the best of Sporcle when you Go Orange. This ad-free experience offers more features, more stats, and more fun while also helping to support Sporcle. Thank you for becoming a member.

Show Comments

Extras

Top Quizzes Today


Score Distribution

Your Account Isn't Verified!

In order to create a playlist on Sporcle, you need to verify the email address you used during registration. Go to your Sporcle Settings to finish the process.

Report this User

Report this user for behavior that violates our Community Guidelines.

Details: